Fundamentos de inmunológica e inmunoquímica /
Guardado en:
| Autor Principal: | |
|---|---|
| Otros Autores: | |
| Formato: | Libro |
| Publicado: |
Washington :
Secretar¡a General de la Organizaci¢n de los Estados American,
1973
|
| Materias: | |
| Etiquetas: |
Agregar Etiqueta
Sin Etiquetas, Sea el primero en etiquetar este registro!
|
| LEADER | 00785nam a22002175a 4500 | ||
|---|---|---|---|
| 001 | CEM.cems001895 | ||
| 005 | 20060215000000.0 | ||
| 008 | 130507s1973##################000#0#####d | ||
| 003 | CEMS | ||
| 082 | 0 | 4 | |a 615.37 |
| 100 | 1 | |a Córdoba Alva, Felix | |
| 245 | 1 | 0 | |a Fundamentos de inmunológica e inmunoquímica / |
| 260 | |a Washington : |b Secretar¡a General de la Organizaci¢n de los Estados American, |c 1973 | ||
| 300 | |a 107 p. | ||
| 505 | 0 | |a Bacteriosis.-Micosis.-Clamidiosis y rickettsiosis.-Virosis.-Zoonosis parasitarias.-Protozoosis.-Helmintiasis.-Artropodos. | |
| 653 | |a Anticuerpos | ||
| 653 | |a Fisiologia humana | ||
| 653 | |a Hombre-sistema inmunologico | ||
| 653 | |a Inmunologia | ||
| 700 | 1 | |a Estrada Parra, Sergio | |
| 859 | |a CEMS |b BIB. CEMS - 11 de abril |h 615.37 |i C812 |p 1350.74 |t Ej.1 | ||
